[Event "MNT CupT"]
[Site "Cetinje"]
[Date "2023.07.10"]
[Round "2.3"]
[White "Bogosavljevic, Boban"]
[Black "Miljanic, Boro"]
[Result "1-0"]
[WhiteElo "2497"]
[BlackElo "2345"]
[PlyCount "81"]
[EventDate "2023.07.09"]
[EventType "team-swiss"]
[EventRounds "5"]
[EventCountry "MNE"]
[SourceTitle "CBM 215 Extra"]
[Source "ChessBase"]
[SourceDate "2023.09.30"]
[SourceVersion "1"]
[SourceVersionDate "2023.09.30"]
[SourceQuality "1"]
[WhiteTeam "Elektroprivreda"]
[BlackTeam "Dama"]
[WhiteTeamCountry "MNE"]
[BlackTeamCountry "MNE"]

1. Nf3 d5 2. g3 c5 3. Bg2 Nc6 4. d4 e6 5. 0-0 Nf6 6. c4 Be7 7. cxd5 exd5 8. Nc3 0-0 9. Bf4 a6 10. Rc1 Re8 11. e3 c4 12. Ne5 h6 13. g4 Bd6 14. Nxd5 Bxe5 15. dxe5 Nxe5 16. h3 Nxd5 17. Qxd5 Nd3 18. Qxd8 Rxd8 19. Rxc4 Be6 20. Rc7 Nxf4 21. exf4 Bxa2 22. Bxb7 Ra7 23. f5 Rb8 24. Rc8+ Rxc8 25. Bxc8 a5 26. Rc1 a4 27. f4 a3 28. bxa3 Rxa3 29. Kh2 Ra4 30. Ra1 Bb3 31. Rb1 Rc4 32. Bb7 Rc2+ 33. Kg3 Rc3+ 34. Kh4 Kf8 35. g5 hxg5+ 36. fxg5 Rc4+ 37. Kg3 Rc3+ 38. Kf4 Rxh3 39. Bf3 Ba4 40. f6 Bc2 41. Rb8# 1-0

[Event "Bundesliga 2223"]
[Site "Germany"]
[Date "2023.04.29"]
[Round "14.4"]
[White "Bogosavljevic, Boban"]
[Black "Alonso Rosell, Alvar"]
[Result "1/2-1/2"]
[WhiteElo "2533"]
[BlackElo "2563"]
[PlyCount "102"]
[EventDate "2022.10.21"]
[EventType "team-tourn"]
[EventRounds "15"]
[EventCountry "GER"]
[SourceTitle "CBM 213 Extra"]
[Source "ChessBase"]
[SourceDate "2023.05.31"]
[SourceVersion "1"]
[SourceVersionDate "2023.05.31"]
[SourceQuality "1"]
[WhiteTeam "Deggendorf"]
[BlackTeam "Bayern Muenchen"]
[WhiteTeamCountry "GER"]
[BlackTeamCountry "GER"]

1. Nf3 d5 2. g3 c6 3. Bg2 Bf5 4. 0-0 e6 5. d3 h6 6. c4 dxc4 7. dxc4 Nd7 8. Nc3 Ngf6 9. Bf4 Be7 10. Qe1 g5 11. Bc1 e5 12. b3 Qc7 13. Bb2 0-0 14. e4 Bg6 15. Qe2 a5 16. Rac1 Rfe8 17. Rfd1 Rad8 18. h4 g4 19. Nh2 h5 20. Nf1 Nc5 21. Ne3 Ne6 22. Nf5 Bf8 23. Qe3 Nd4 24. Nxd4 exd4 25. Rxd4 Bc5 26. Na4 Bxd4 27. Bxd4 Qd6 28. Bb6 Rd7 29. Nc5 Rde7 30. Qg5 Kh7 31. Kh2 Re5 32. Qf4 Nd7 33. Nxd7 Qxd7 34. Be3 R8e6 35. Rc2 Bxe4 36. Rd2 Qe7 37. Bxe4+ Rxe4 38. Qf5+ Kg7 39. Qxh5 Qf6 40. Qxa5 Qf3 41. Qg5+ Rg6 42. Qc5 Rge6 43. Qg5+ Rg6 44. Qd8 Kh7 45. Qc7 Rge6 46. Qa5 Rxe3 47. fxe3 Rxe3 48. Qh5+ Kg7 49. Qg5+ Kh7 50. Qh5+ Kg7 51. Qg5+ Kh7 1/2-1/2

[Event "Bundesliga 2223"]
[Site "Germany"]
[Date "2023.04.01"]
[Round "12.7"]
[White "Van Foreest, Lucas"]
[Black "Bogosavljevic, Boban"]
[Result "1/2-1/2"]
[WhiteElo "2568"]
[BlackElo "2533"]
[PlyCount "150"]
[EventDate "2022.10.21"]
[EventType "team-tourn"]
[EventRounds "15"]
[EventCountry "GER"]
[SourceTitle "CBM 213 Extra"]
[Source "ChessBase"]
[SourceDate "2023.05.31"]
[SourceVersion "1"]
[SourceVersionDate "2023.05.31"]
[SourceQuality "1"]
[WhiteTeam "Werder Bremen"]
[BlackTeam "Deggendorf"]
[WhiteTeamCountry "GER"]
[BlackTeamCountry "GER"]

1. e4 c5 2. Nf3 Nc6 3. d4 cxd4 4. Nxd4 Nf6 5. Nc3 e5 6. Ndb5 d6 7. Nd5 Nxd5 8. exd5 Ne7 9. c4 Nf5 10. Bd3 Be7 11. 0-0 0-0 12. Kh1 a6 13. Nc3 Nd4 14. f4 f5 15. Be3 g6 16. Rc1 Bd7 17. c5 Bf6 18. fxe5 dxe5 19. d6 Bc6 20. Bc4+ Kh8 21. Nd5 b5 22. Bxd4 exd4 23. Bb3 Rc8 24. Re1 a5 25. a3 a4 26. Ba2 Bg7 27. Ne7 Be4 28. Bd5 Rxc5 29. Rxc5 Qxd6 30. Rxb5 Qxe7 31. Rb4 Qe5 32. Bc4 Qf4 33. Rf1 Qe3 34. Qe2 Rc8 35. Qxe3 dxe3 36. Re1 Rd8 37. Be2 Bf8 38. Rxa4 Rd2 39. b4 Be7 40. Kg1 Bh4 41. g3 Bf6 42. Ra7 f4 43. Rf7 f3 44. Bxf3 Bxf3 45. Rxf6 Rg2+ 46. Kh1 Bd5 47. Rd6 Re2+ 48. Rxd5 Rxe1+ 49. Kg2 Ra1 50. Kf3 Rxa3 51. g4 Rb3 52. Rd4 Kg7 53. g5 h6 54. h4 hxg5 55. hxg5 Kf7 56. Re4 Kf8 57. Ke2 Kf7 58. Kd1 Rb2 59. Kc1 Rg2 60. Re5 Rg1+ 61. Kc2 e2 62. Rxe2 Rxg5 63. Kd3 Rb5 64. Kc4 Rb8 65. b5 g5 66. Kc5 Kf6 67. b6 g4 68. Kc6 Kg5 69. Kc7 Rh8 70. b7 g3 71. Rd2 Kf4 72. b8R Rxb8 73. Kxb8 Kf3 74. Ka8 g2 75. Rxg2 Kxg2 1/2-1/2

[Event "Bundesliga 2223"]
[Site "Germany"]
[Date "2023.02.25"]
[Round "8.2"]
[White "Bogosavljevic, Boban"]
[Black "Wojtaszek, Radoslaw"]
[Result "1/2-1/2"]
[WhiteElo "2533"]
[BlackElo "2693"]
[PlyCount "42"]
[EventDate "2022.10.21"]
[EventType "team-tourn"]
[EventRounds "15"]
[EventCountry "GER"]
[SourceTitle "CBM 213 Extra"]
[Source "ChessBase"]
[SourceDate "2023.05.31"]
[SourceVersion "1"]
[SourceVersionDate "2023.05.31"]
[SourceQuality "1"]
[WhiteTeam "Deggendorf"]
[BlackTeam "Baden-Baden"]
[WhiteTeamCountry "GER"]
[BlackTeamCountry "GER"]

1. Nf3 Nf6 2. c4 e6 3. g3 d5 4. Bg2 dxc4 5. Qa4+ Bd7 6. Qxc4 c5 7. Ne5 Qc8 8. Nc3 Nc6 9. Nxd7 Qxd7 10. Qa4 Rc8 11. d3 Be7 12. 0-0 0-0 13. Be3 Rfd8 14. Rfc1 b6 15. Rab1 h6 16. a3 Nd4 17. Qxd7 Rxd7 18. b3 Ng4 19. Bxd4 Rxd4 20. Nb5 Rd7 21. a4 a6 1/2-1/2

[Event "Bijeljina Dana"]
[Site "Bijeljina"]
[Date "2023.01.16"]
[Round "3"]
[White "Bogosavljevic, Boban"]
[Black "Radlovacki, Jovan"]
[Result "1-0"]
[WhiteElo "2513"]
[BlackElo "2283"]
[PlyCount "97"]
[EventDate "2023.01.14"]
[EventType "tourn"]
[EventRounds "9"]
[EventCountry "BIH"]
[EventCategory "6"]
[SourceTitle "CBM 212 Extra"]
[Source "ChessBase"]
[SourceDate "2023.03.31"]
[SourceVersion "1"]
[SourceVersionDate "2023.03.31"]
[SourceQuality "1"]

1. Nf3 d5 2. g3 Nd7 3. d4 Nb6 4. a4 c6 5. b3 a5 6. Ba3 Nf6 7. Bg2 g6 8. 0-0 Bg7 9. Nbd2 0-0 10. e3 Re8 11. c4 e6 12. Qc2 Nbd7 13. Rfd1 b6 14. Rac1 Bb7 15. Ne1 Rc8 16. Nd3 b5 17. axb5 cxb5 18. Bd6 Rc6 19. c5 Qa8 20. Ne5 Nxe5 21. Bxe5 Ra6 22. Qb2 Bc6 23. Ra1 Qb7 24. Ra2 Rea8 25. Bf1 R6a7 26. Rda1 Qd7 27. Bd3 Qd8 28. Nf3 Nd7 29. Bxg7 Kxg7 30. Ne1 Qc7 31. Nc2 b4 32. Qc1 Qb7 33. Qe1 Nf6 34. f3 Nd7 35. g4 e5 36. Be2 exd4 37. Nxd4 Kg8 38. Qg3 a4 39. Qd6 Nb8 40. bxa4 b3 41. Rb2 Bxa4 42. Kf2 Qd7 43. Qf6 Qc7 44. Qd6 Nd7 45. Qxc7 Rxc7 46. Rxb3 Nxc5 47. Rba3 Kg7 48. Bb5 Rb7 49. Rc3 1-0

[Event "Bijeljina Dana"]
[Site "Bijeljina"]
[Date "2023.01.14"]
[Round "1"]
[White "Vetokhin, Savva"]
[Black "Bogosavljevic, Boban"]
[Result "1/2-1/2"]
[WhiteElo "2354"]
[BlackElo "2513"]
[PlyCount "30"]
[EventDate "2023.01.14"]
[EventType "tourn"]
[EventRounds "9"]
[EventCountry "BIH"]
[EventCategory "6"]
[SourceTitle "CBM 212 Extra"]
[Source "ChessBase"]
[SourceDate "2023.03.31"]
[SourceVersion "1"]
[SourceVersionDate "2023.03.31"]
[SourceQuality "1"]

1. d4 d5 2. c4 e6 3. Nc3 a6 4. cxd5 exd5 5. h3 c6 6. Bf4 Bd6 7. Bxd6 Qxd6 8. e3 Ne7 9. Bd3 Bf5 10. Nge2 Nd7 11. 0-0 0-0 12. Rb1 a5 13. Nf4 Rfe8 14. a3 Bxd3 15. Nxd3 Nf5 1/2-1/2

[Event "SRB-ch 16th"]
[Site "Bajina Basta"]
[Date "2022.12.14"]
[Round "9"]
[White "Ivanisevic, Ivan"]
[Black "Bogosavljevic, Boban"]
[Result "0-1"]
[WhiteElo "2535"]
[BlackElo "2518"]
[PlyCount "114"]
[EventDate "2022.12.06"]
[EventType "tourn"]
[EventRounds "9"]
[EventCountry "SRB"]
[EventCategory "10"]
[SourceTitle "CBM 211 Extra"]
[Source "ChessBase"]
[SourceDate "2023.01.31"]
[SourceVersion "1"]
[SourceVersionDate "2023.01.31"]
[SourceQuality "1"]

1. Nf3 d5 2. g3 g6 3. Bg2 Bg7 4. d4 c6 5. c4 Nf6 6. Na3 0-0 7. 0-0 Bf5 8. Bf4 Qb6 9. Qc1 Nbd7 10. Rd1 Be4 11. c5 Qa6 12. Bf1 b5 13. Nh4 Nh5 14. Bh6 b4 15. Bxg7 Nxg7 16. Nc2 Qc4 17. Rd2 Bxc2 18. e3 Bd3 19. Rxd3 Qxc1 20. Rxc1 a5 21. a3 Rfb8 22. Ra1 e5 23. Rdd1 bxa3 24. bxa3 Rb2 25. Rab1 Rab8 26. Rxb2 Rxb2 27. Ba6 e4 28. Ng2 g5 29. Ne1 Nf6 30. h3 Ne6 31. Rc1 Nc7 32. Bc8 Rb8 33. Bf5 Rb3 34. a4 Na6 35. g4 h6 36. h4 Nb4 37. hxg5 hxg5 38. Kg2 Kg7 39. Kg3 Ra3 40. Rb1 Rxa4 41. f4 gxf4+ 42. Kxf4 Ra2 43. Ke5 Rf2 44. Kd6 Kh6 45. Ra1 Re2 46. Kc7 Kg5 47. Kb6 Nxg4 48. Bd7 Nxe3 49. Bxc6 f5 50. Bb5 Rb2 51. Kxa5 f4 52. Ka4 Na2 53. Ba6 Nc3+ 54. Ka3 Rb8 55. Rc1 Ra8 56. Rxc3 Rxa6+ 57. Kb4 f3 0-1

[Event "SRB-ch 16th"]
[Site "Bajina Basta"]
[Date "2022.12.09"]
[Round "4"]
[White "Djordjevic, Vuk D"]
[Black "Bogosavljevic, Boban"]
[Result "1-0"]
[WhiteElo "2394"]
[BlackElo "2518"]
[PlyCount "167"]
[EventDate "2022.12.06"]
[EventType "tourn"]
[EventRounds "9"]
[EventCountry "SRB"]
[EventCategory "10"]
[SourceTitle "CBM 211 Extra"]
[Source "ChessBase"]
[SourceDate "2023.01.31"]
[SourceVersion "1"]
[SourceVersionDate "2023.01.31"]
[SourceQuality "1"]

1. e4 c5 2. g3 Nc6 3. Bg2 g6 4. Ne2 Bg7 5. 0-0 d6 6. c3 e5 7. d3 Nge7 8. Be3 0-0 9. f4 Be6 10. Nd2 Qb6 11. Qc2 Rac8 12. Nc4 Qc7 13. fxe5 Nxe5 14. Na3 a6 15. Nf4 Bd7 16. h3 b5 17. Qd2 Qa5 18. d4 cxd4 19. Bxd4 N7c6 20. Be3 b4 21. cxb4 Qxb4 22. Rad1 Rb8 23. Rf2 Qa4 24. Qxd6 Rfd8 25. b3 Qa5 26. Qc5 Rdc8 27. Qxa5 Nxa5 28. Nd5 Nac6 29. Rfd2 Be6 30. Nc2 a5 31. Nd4 a4 32. Nxc6 Nxc6 33. bxa4 Be5 34. g4 Kg7 35. Bf1 Na5 36. Bb5 Nc4 37. Bd4 Bxd4+ 38. Rxd4 Ne5 39. Kg2 h5 40. g5 h4 41. R4d2 Rc5 42. Rf1 Nc4 43. Rd3 Nd6 44. Rc3 Nxe4 45. Rxc5 Nxc5 46. Nc7 Bxa2 47. Rf4 Rc8 48. Ne8+ Kf8 49. Rxh4 Ne6 50. Rg4 Rc2+ 51. Kf1 Ke7 52. h4 Bd5 53. Nf6 Bf3 54. Rb4 Nc5 55. Rf4 Bg2+ 56. Ke1 Ra2 57. Rf2 Ra1+ 58. Ke2 Bb7 59. Rf4 Kd6 60. Ng4 Ra2+ 61. Ke3 Ra3+ 62. Kd2 Ne4+ 63. Kc1 Kc5 64. Kb2 Rh3 65. Ne5 Rh2+ 66. Ka3 Bd5 67. Nd7+ Kd4 68. Nf6 Bb7 69. Nxe4 Ke5 70. Rxf7 Bxe4 71. Rh7 Kd4 72. Kb4 Bf3 73. Rh6 Be4 74. Rh7 Bf3 75. Be8 Be4 76. Ka5 Kc5 77. h5 Rg2 78. Bxg6 Bc6 79. Rf7 Rg4 80. Bc2 Kd6 81. g6 Bd5 82. Rf5 Be6 83. Rb5 Bd7 84. h6 1-0

[Event "FRM-chT 30th"]
[Site "Struga"]
[Date "2022.10.16"]
[Round "3.1"]
[White "Bogosavljevic, Boban"]
[Black "Tomic, Aleksandar1111"]
[Result "1-0"]
[WhiteElo "2533"]
[BlackElo "2384"]
[PlyCount "51"]
[EventDate "2022.10.14"]
[EventType "team-tourn"]
[EventRounds "7"]
[EventCountry "MKD"]
[SourceTitle "CBM 210 Extra"]
[Source "ChessBase"]
[SourceDate "2022.11.30"]
[SourceVersion "1"]
[SourceVersionDate "2022.11.30"]
[SourceQuality "1"]
[WhiteTeam "Prilep"]
[BlackTeam "Kumanovo GSHK"]
[WhiteTeamCountry "MKD"]
[BlackTeamCountry "MKD"]

1. Nf3 Nf6 2. c4 e6 3. g3 d5 4. Bg2 Be7 5. 0-0 0-0 6. d4 dxc4 7. Qc2 a6 8. a4 Bd7 9. Qxc4 Bc6 10. Bg5 Bd5 11. Qc2 Nc6 12. Bxf6 gxf6 13. e4 Nb4 14. Qe2 Bc6 15. Nc3 Re8 16. Rad1 Bf8 17. Nh4 Rb8 18. Qg4+ Kh8 19. Qh5 Kg8 20. d5 Bd7 21. dxe6 fxe6 22. e5 f5 23. g4 Qe7 24. gxf5 exf5 25. Nd5 Nxd5 26. Bxd5+ 1-0

[Event "SRB-chT Premier"]
[Site "Vrnjacka Banja"]
[Date "2022.09.20"]
[Round "1.5"]
[White "Bogosavljevic, Boban"]
[Black "Puranik, Abhimanyu Sameer"]
[Result "0-1"]
[WhiteElo "2533"]
[BlackElo "2603"]
[PlyCount "96"]
[EventDate "2022.09.20"]
[EventType "team-tourn"]
[EventRounds "11"]
[EventCountry "SRB"]
[SourceTitle "CBM 210 Extra"]
[Source "ChessBase"]
[SourceDate "2022.11.30"]
[SourceVersion "1"]
[SourceVersionDate "2022.11.30"]
[SourceQuality "1"]
[WhiteTeam "Goracici Jelica"]
[BlackTeam "Belgrade Zmaj"]
[WhiteTeamCountry "SRB"]
[BlackTeamCountry "SRB"]

1. Nf3 c5 2. c4 Nf6 3. g3 Nc6 4. Bg2 g6 5. 0-0 Bg7 6. d4 cxd4 7. Nxd4 0-0 8. Nc3 Qa5 9. e3 d6 10. Bd2 Qb6 11. Nxc6 bxc6 12. b3 Bb7 13. Rc1 c5 14. e4 Rfe8 15. h3 Nd7 16. f4 Bc6 17. Kh2 Qb7 18. Re1 Nf8 19. Nd5 a5 20. Bc3 a4 21. Bxg7 Kxg7 22. Qc2 axb3 23. Qc3+ Kg8 24. axb3 Ra2 25. Kh1 Bxd5 26. cxd5 Rb8 27. Re3 Qb4 28. e5 Qxc3 29. Rcxc3 Rb2 30. g4 Kg7 31. g5 Rb4 32. Rf3 Rd4 33. exd6 exd6 34. Rcd3 Rxd3 35. Rxd3 Nd7 36. Re3 Nb6 37. Rd3 Nc8 38. Re3 Kf8 39. f5 gxf5 40. h4 Ne7 41. h5 Rd2 42. Re1 Nxd5 43. h6 Rd4 44. Ra1 Rh4+ 45. Kg1 Rg4 46. Kf2 Nf4 47. Bc6 Nh3+ 48. Ke3 Nxg5 0-1

[Event "PNWCC vs Europe Hybrid 08"]
[Site "Chess.com INT"]
[Date "2022.08.21"]
[Round "5"]
[White "Tiglon, Bryce"]
[Black "Bogosavljevic, Boban"]
[Result "1/2-1/2"]
[WhiteElo "2397"]
[BlackElo "2539"]
[PlyCount "237"]
[EventDate "2022.08.19"]
[EventType "team-match"]
[EventRounds "8"]
[EventCountry "USA"]
[SourceTitle "EXT 2024"]
[Source "ChessBase"]
[SourceDate "2023.10.10"]
[SourceVersion "1"]
[SourceVersionDate "2023.10.10"]
[SourceQuality "1"]
[WhiteTeam "PNWCC"]
[BlackTeam "Europe"]
[WhiteTeamCountry "USA"]

1. e4 c5 2. Nf3 d6 3. Bb5+ Bd7 4. Bxd7+ Qxd7 5. c4 Nc6 6. Nc3 g6 7. d4 cxd4 8. Nxd4 Bg7 9. Be3 Nf6 10. f3 0-0 11. 0-0 Rfc8 12. b3 a6 13. a4 Qd8 14. Rc1 Nd7 15. Kh1 Nc5 16. Nxc6 Rxc6 17. Nd5 e6 18. Nb4 Rc7 19. Nd3 Rd7 20. b4 Nxd3 21. Qxd3 d5 22. exd5 exd5 23. c5 d4 24. Bf4 Rc8 25. b5 axb5 26. axb5 Qf6 27. Bd6 b6 28. Rfe1 Qg5 29. Qa3 d3 30. Qxd3 bxc5 31. Bf4 Rxd3 32. Bxg5 Rb3 33. Rb1 c4 34. Rxb3 cxb3 35. b6 b2 36. Bf4 Bc3 37. Rb1 Be5 38. b7 Rc2 39. g3 Bb8 40. h4 f5 41. Kg1 Ba7+ 42. Kh1 Kf7 43. Be3 Bb8 44. Kg1 Ke6 45. Kf1 Kd5 46. Ke1 Kc4 47. Bf4 Rh2 48. Bxb8 Rh1+ 49. Kd2 Rxb1 50. Kc2 Rc1+ 51. Kxb2 Rc3 52. Be5 Rb3+ 53. Kc2 Rxb7 54. Kd2 Re7 55. Bf6 Re6 56. Bg5 Ra6 57. Ke3 Ra3+ 58. Ke2 Ra6 59. Bh6 Ra2+ 60. Ke3 Rg2 61. Kf4 Kd3 62. g4 fxg4 63. fxg4 Kd4 64. h5 gxh5 65. gxh5 Rg8 66. Kf5 Kd5 67. Kf6 Ke4 68. Bg7 Kf4 69. h6 Ra8 70. Ke6 Kg5 71. Ke5 Ra4 72. Bf8 Ra8 73. Bg7 Ra4 74. Bf8 Kg4 75. Bg7 Kf3 76. Bf8 Re4+ 77. Kf6 Rg4 78. Ke5 Rg8 79. Bg7 Re8+ 80. Kd5 Kf4 81. Bf6 Kf5 82. Bg7 Rd8+ 83. Kc5 Ke4 84. Bf6 Rc8+ 85. Kd6 Rc1 86. Bg7 Rc2 87. Bf8 Rf2 88. Be7 Rf3 89. Ke6 Rb3 90. Kf6 Rb6+ 91. Kg5 Rg6+ 92. Kh5 Rg1 93. Bc5 Rc1 94. Ba3 Ra1 95. Bf8 Kf4 96. Be7 Ra6 97. Bf8 Re6 98. Kh4 Re8 99. Bg7 Re3 100. Bf8 Re1 101. Kh3 Kf3 102. Kh4 Re5 103. Bg7 Rf5 104. Bh8 Rd5 105. Bg7 Rb5 106. Bh8 Rb4+ 107. Kg5 Rb5+ 108. Kh4 Kf4 109. Bg7 Rb3 110. Bf8 Rf3 111. Bg7 Ra3 112. Bf8 Rb3 113. Bd6+ Kf5 114. Bf8 Rd3 115. Bg7 Rd1 116. Kg3 Rh1 117. Kg2 Rh5 118. Kg3 Kg6 119. Kf3 1/2-1/2

[Event "PNWCC vs Europe Hybrid 08"]
[Site "Chess.com INT"]
[Date "2022.08.20"]
[Round "3"]
[White "Bogosavljevic, Boban"]
[Black "He, Anthony B"]
[Result "1/2-1/2"]
[WhiteElo "2539"]
[BlackElo "2470"]
[PlyCount "76"]
[EventDate "2022.08.19"]
[EventType "team-match"]
[EventRounds "8"]
[EventCountry "USA"]
[SourceTitle "EXT 2024"]
[Source "ChessBase"]
[SourceDate "2023.10.10"]
[SourceVersion "1"]
[SourceVersionDate "2023.10.10"]
[SourceQuality "1"]
[WhiteTeam "Europe"]
[BlackTeam "PNWCC"]
[BlackTeamCountry "USA"]

1. Nf3 d5 2. g3 c5 3. Bg2 Nf6 4. 0-0 g6 5. c4 Bg7 6. cxd5 Nxd5 7. d4 cxd4 8. Nxd4 0-0 9. Nc3 Nxc3 10. bxc3 Nc6 11. Nxc6 bxc6 12. Ba3 Bxc3 13. Rc1 Bf6 14. Qa4 Bd7 15. Rfd1 Qc7 16. Rxd7 Qxd7 17. Bxc6 Qd2 18. Bxa8 Rxa8 19. Rc2 Qd1+ 20. Kg2 Rd8 21. e4 Kg7 22. Rc4 Qe2 23. Rc2 Qd1 24. Rc4 Qe2 25. Rc2 Qd3 26. Bc5 Bd4 27. Qc6 Bxc5 28. Rxc5 Rd6 29. Qb7 Rf6 30. Qxe7 Qf3+ 31. Kh3 Qxf2 32. Rc8 Qf1+ 33. Kh4 g5+ 34. Kxg5 Rg6+ 35. Kh4 Rh6+ 36. Kg5 Rg6+ 37. Kh4 Rh6+ 38. Kg5 Rg6+ 1/2-1/2

[Event "PNWCC vs Europe Hybrid 08"]
[Site "Chess.com INT"]
[Date "2022.08.20"]
[Round "4"]
[White "He, Anthony B"]
[Black "Bogosavljevic, Boban"]
[Result "1/2-1/2"]
[WhiteElo "2470"]
[BlackElo "2539"]
[PlyCount "24"]
[EventDate "2022.08.19"]
[EventType "team-match"]
[EventRounds "8"]
[EventCountry "USA"]
[SourceTitle "EXT 2024"]
[Source "ChessBase"]
[SourceDate "2023.10.10"]
[SourceVersion "1"]
[SourceVersionDate "2023.10.10"]
[SourceQuality "1"]
[WhiteTeam "PNWCC"]
[BlackTeam "Europe"]
[WhiteTeamCountry "USA"]

1. e4 c5 2. Nf3 Nc6 3. Bb5 g6 4. 0-0 Bg7 5. c3 Nf6 6. Re1 0-0 7. d4 cxd4 8. cxd4 d5 9. e5 Ne4 10. Be3 Qb6 11. Bxc6 bxc6 12. Qc1 a5 1/2-1/2

[Event "PNWCC vs Europe Hybrid 08"]
[Site "Chess.com INT"]
[Date "2022.08.19"]
[Round "2"]
[White "Bogosavljevic, Boban"]
[Black "Liang, Jason"]
[Result "1/2-1/2"]
[WhiteElo "2539"]
[BlackElo "2446"]
[PlyCount "126"]
[EventDate "2022.08.19"]
[EventType "team-match"]
[EventRounds "8"]
[EventCountry "USA"]
[SourceTitle "EXT 2024"]
[Source "ChessBase"]
[SourceDate "2023.10.10"]
[SourceVersion "1"]
[SourceVersionDate "2023.10.10"]
[SourceQuality "1"]
[WhiteTeam "Europe"]
[BlackTeam "PNWCC"]
[BlackTeamCountry "USA"]

1. Nf3 d5 2. c4 e6 3. g3 dxc4 4. Qa4+ Nd7 5. Bg2 a6 6. Qxc4 b5 7. Qh4 Ne7 8. 0-0 Bb7 9. d4 Nf5 10. Qxd8+ Rxd8 11. Nbd2 c5 12. dxc5 Nxc5 13. b3 Be7 14. Bb2 0-0 15. Rfd1 Bf6 16. Bxf6 gxf6 17. Rac1 Rc8 18. Rc3 Ne4 19. Nxe4 Bxe4 20. Rxc8 Rxc8 21. Ne1 Bxg2 22. Kxg2 Kf8 23. e4 Ne7 24. Rd7 Rc1 25. Nd3 Ra1 26. Rd8+ Kg7 27. Nf4 f5 28. Rd7 Kf8 29. Rd8+ Kg7 30. Rd7 Kf8 31. Nh5 Nc6 32. Rd6 Nb4 33. e5 Rxa2 34. Nf6 Nd5 35. Nxd5 exd5 36. Rxd5 b4 37. Rd4 a5 38. Rd7 Ra3 39. Ra7 Rxb3 40. Rxa5 Rc3 41. Rb5 b3 42. Rb7 h5 43. Kh3 Rf3 44. Kg2 Rc3 45. Kh3 Rf3 46. Kh4 Rxf2 47. Kg5 b2 48. Kf6 Kg8 49. Rb8+ Kh7 50. Kxf7 f4 51. g4 hxg4 52. e6 Re2 53. Rb5 Kh6 54. e7 f3 55. Rxb2 f2 56. Rb6+ Kg5 57. Rf6 g3 58. hxg3 Kg4 59. Rg6+ Kh3 60. Rf6 Kxg3 61. e8Q Rxe8 62. Kxe8 Kg2 63. Rxf2+ Kxf2 1/2-1/2

[Event "PNWCC vs Vrsac Hybrid"]
[Site "Chess.com INT"]
[Date "2022.08.11"]
[Round "5"]
[White "Krishnan, Varun"]
[Black "Bogosavljevic, Boban"]
[Result "0-1"]
[WhiteElo "2235"]
[BlackElo "2539"]
[PlyCount "48"]
[EventDate "2022.08.09"]
[EventType "team-match"]
[EventRounds "6"]
[EventCountry "USA"]
[SourceTitle "EXT 2024"]
[Source "ChessBase"]
[SourceDate "2023.10.10"]
[SourceVersion "1"]
[SourceVersionDate "2023.10.10"]
[SourceQuality "1"]
[WhiteTeam "PNWCC"]
[BlackTeam "Vrsac"]
[WhiteTeamCountry "USA"]
[BlackTeamCountry "SRB"]

1. e4 e5 2. Nf3 d6 3. d4 exd4 4. Qxd4 a6 5. Bf4 Nc6 6. Qd2 Be7 7. Nc3 Nf6 8. h3 0-0 9. g4 Nd7 10. 0-0-0 Nde5 11. Nd4 Nxd4 12. Qxd4 Be6 13. Kb1 b5 14. Nd5 Bh4 15. Qe3 Rb8 16. Nb4 Qc8 17. g5 Nc4 18. Qf3 c5 19. Nd5 Re8 20. Rg1 Bxd5 21. Rxd5 Qb7 22. Rg4 Qxd5 23. Bd3 Qd4 24. Kc1 Qxf2 0-1

[Event "SRB-ch Blitz"]
[Site "Paracin"]
[Date "2022.06.05"]
[Round "9"]
[White "Bogosavljevic, Boban"]
[Black "Perunovic, Milos"]
[Result "0-1"]
[WhiteElo "2522"]
[BlackElo "2543"]
[PlyCount "72"]
[EventDate "2022.06.05"]
[EventType "swiss (blitz)"]
[EventRounds "13"]
[EventCountry "SRB"]
[SourceTitle "CBM 208 Extra"]
[Source "ChessBase"]
[SourceDate "2022.07.31"]
[SourceVersion "1"]
[SourceVersionDate "2022.07.31"]
[SourceQuality "1"]

1. Nf3 c5 2. c4 Nc6 3. Nc3 e5 4. g3 g6 5. Bg2 Bg7 6. a3 Nge7 7. b4 d5 8. cxd5 Nxd5 9. Nxd5 Qxd5 10. Bb2 0-0 11. 0-0 e4 12. Bxg7 Kxg7 13. Ne1 cxb4 14. axb4 Nxb4 15. Qb1 Qxd2 16. Qxe4 Nc6 17. Nf3 Qc3 18. Qf4 Qf6 19. Qc7 Qe7 20. Qxe7 Nxe7 21. Nd4 Rd8 22. e3 a6 23. Rfc1 Rb8 24. Rab1 b5 25. Rc7 Rd7 26. Rxd7 Bxd7 27. Ra1 Rb6 28. Rc1 Nf5 29. Nb3 Be6 30. Na5 Nd6 31. e4 b4 32. e5 Nb5 33. Bf1 b3 34. f4 b2 35. Re1 Nc3 36. Bd3 Bf5 0-1

[Event "SRB-ch Blitz"]
[Site "Paracin"]
[Date "2022.06.05"]
[Round "3"]
[White "Bogosavljevic, Boban"]
[Black "Tadic, Stefan"]
[Result "0-1"]
[WhiteElo "2522"]
[BlackElo "2373"]
[PlyCount "66"]
[EventDate "2022.06.05"]
[EventType "swiss (blitz)"]
[EventRounds "13"]
[EventCountry "SRB"]
[SourceTitle "CBM 208 Extra"]
[Source "ChessBase"]
[SourceDate "2022.07.31"]
[SourceVersion "1"]
[SourceVersionDate "2022.07.31"]
[SourceQuality "1"]

1. Nf3 c5 2. c4 Nc6 3. g3 g6 4. Bg2 Bg7 5. Nc3 e5 6. a3 Nge7 7. 0-0 0-0 8. d3 d6 9. Rb1 a5 10. Ne1 Be6 11. Nc2 d5 12. cxd5 Nxd5 13. Ne3 Nde7 14. Nc4 Rb8 15. Bg5 f6 16. Be3 Nd4 17. Ne4 b5 18. Nxc5 Bd5 19. Bxd4 exd4 20. Nd2 Bxg2 21. Kxg2 Qd5+ 22. Nce4 f5 23. Rc1 Rfc8 24. Qb3 Qxb3 25. Nxb3 fxe4 26. Nxa5 Bh6 27. Rxc8+ Rxc8 28. dxe4 Rc2 29. b4 Rxe2 30. Rd1 Be3 31. Nb3 Rxf2+ 32. Kh3 Nc6 33. Nc5 Ne5 0-1